Ottawa City Trivia - Statistics

General Stats
  • This quiz has been taken 336 times
    27 since last reset
  • The average score is 11 of 16
Answer Stats
Clue Answer % Correct
Canadian province that Ottawa is situated in Ontario
96%
Many people mistake Ottawa as the capital of the above, but that title belongs to this city instead Toronto
96%
During the winter, that canal is used for this activity Ice Skating
92%
NHL team of Ottawa Ottawa Senators
92%
Canal that cuts through Ottawa and connects it to the Great Lakes {Rideau} Canal
88%
University whose sports teams are called the Ravens {Carleton} University
80%
Bordering city across the Ottawa River Gatineau
80%
Central building complex of the Canadian federal government {Parliament} Hill
80%
Châteauesque hotel built from 1909-1912 under Charles Melville Hays Château {Laurier}
72%
July music festival in downtown Ottawa Ottawa {Blues}fest
64%
Monarch who chose Ottawa as the capital of Canada Queen Victoria
60%
Name one of the 6 national capitals with a lower average temperature Ulaanbaatar | Astana | Moscow | Helsinki | Reykjavik | Tallinn
60%
National art museum of Canada National {Gallery}
56%
Popular game show host who graduated from the University of Ottawa Alex Trebek
44%
The name Ottawa is derived from adawe, which means "to trade" in this language Algonquin
44%
What Ottawa was called before 1855 Bytown
44%
No matching quizzes found
Score Distribution
Percent of People with Each Score
Percentile by Number Answered
Your Score History
You have not taken this quiz since the last reset